000 00536nam a2200169Ia 4500
008 090711s9999 xx 000 0 und d
082 _b49204
100 _aरांगणेकर कुमुदिनी
245 _aदेखणा बहाणा
260 _c1984
300 _a227
600 _aरांगणेकर कुमुदिनी
630 _aदेखणा बहाणा
700 _aरांगणेकर कुमुदिनी
730 _aदेखणा बहाणा
942 _cBOOK
999 _c301190
_d301190